000 00514cam a2200145 4500500
005 20260322011747.0
041 _afre
042 _adc
100 1 0 _aEuvé, François
_eauthor
245 0 0 _aFrancis Kaplan , L’Irréalité de l’espace et du temps , Cerf, coll. Passages, 2004, 248 pages, 20 €
260 _c2005.
500 _a17
786 0 _nÉtudes | 402 | 2 | 2005-02-01 | p. XXII-XXII | 0014-1941
856 4 1 _uhttps://shs.cairn.info/revue-etudes-2005-2-page-XXII?lang=fr&redirect-ssocas=7080
999 _c1767295
_d1767295